| 000 | 00572nam a2200205 a 4500 | ||
|---|---|---|---|
| 001 | 664 | ||
| 003 | CO-ViMGA | ||
| 008 | 141112s2004 ck r 000 u spa d | ||
| 040 |
_aCO-ViMGA _bspa _cCO-ViMGA |
||
| 082 | 0 | 4 | _a194.1 D372 |
| 100 | 1 |
_aDescartes, Rene _94080 |
|
| 245 | 1 | 0 | _aDiscurso del metodo |
| 260 |
_aSantafé de Bogotá : _bNorma, _c1997 |
||
| 300 | _a93, 81 p | ||
| 490 | _aCara y cruz | ||
| 500 | _aEncuadernado con A propósito de Rene Descartes y su obra. | ||
| 650 | 1 | 4 |
_aMETAFISICA _94081 |
| 650 | 1 | 4 |
_aMETODOLOGIA CIENTIFICA _94082 |
| 942 |
_2ddc _cBK |
||
| 999 |
_c12903 _d12903 |
||